| 000 | 00866cam a22002652 4500 | ||
|---|---|---|---|
| 001 | 0000003472 | ||
| 005 | 20151217154339.0 | ||
| 008 | 070507s xx 000 0 eng d | ||
| 020 | _a9966723773 : | ||
| 040 |
_aKABU _cKABU |
||
| 050 | 0 |
_aKSK658 _b.O53 |
|
| 100 | 1 |
_aOnalo, P. L. _@0000153418 |
|
| 245 | 1 | 0 | _aLand law and conveyancing in Kenya. |
| 260 |
_aNairobi : _bHeinemann Kenya, _c1986. |
||
| 300 | _axii, 319 p. | ||
| 650 | 0 |
_aLand law _zKenya. _@0000153419 |
|
| 650 | 0 |
_aReal property _zKenya. _@0000153420 |
|
| 650 | 0 |
_aConveyancing _zKenya. _@0000153421 |
|
| 852 | 1 | _9p1900 KES | |
| 852 | 1 | _9p1900 KES | |
| 852 | 1 | _9p1900 KES | |
| 852 | 1 | _9p1900 KES | |
| 908 | _a070507 | ||
| 950 | _@1 | ||
| 999 |
_c10671 _d10671 |
||